Phineas and Ferb - Guess the Lyrics 75 Quiz Stats

 Plays Quiz not verified by Sporcle

Support Sporcle.
Go Orange.
Score 0/168 Timer 15:00
0 Plays Today
% Correct
I
95.8%
a
90.8%
a
90.8%
a
90.8%
a
90.8%
a
90.8%
a
90.8%
a
90.8%
a
90.8%
a
90.8%
A
90.8%
a
90.8%
the
79%
the
79%
the
79%
the
79%
the
79%
the
79%
the
79%
the
79%
the
79%
the
79%
the
79%
and
71.4%
and
71.4%
And
71.4%
and
71.4%
we
68.9%
we
68.9%
We
68.9%
In
59.7%
in
59.7%
in
59.7%
to
58.8%
your
52.9%
on
52.9%
on
52.9%
on
52.9%
go
50.4%
It's
48.7%
It's
48.7%
it's
48.7%
I'm
47.9%
we're
47.1%
we're
47.1%
we're
47.1%
we're
47.1%
you're
47.1%
we're
47.1%
we're
47.1%
we're
47.1%
We're
47.1%
so
46.2%
of
45.4%
my
45.4%
can
44.5%
% Correct
can
44.5%
can
44.5%
can
44.5%
that
42.9%
me,
42.9%
that
42.9%
all
42%
all
42%
all
42%
all
42%
all
42%
all
42%
all
42%
all
42%
not
40.3%
not
40.3%
not
40.3%
just
37%
Up,
31.1%
like
31.1%
Yeah,
29.4%
yeah
29.4%
gonna
29.4%
yeah
29.4%
down,
28.6%
with
28.6%
at
27.7%
terrain
27.7%
terrain,
27.7%
terrain
27.7%
terrain
27.7%
terrain
27.7%
terrain,
27.7%
terrain!
27.7%
Under
26.9%
talking
26.9%
talking
26.9%
talking
26.9%
talking
26.9%
talking
26.9%
talking
26.9%
talking
26.9%
around,
26.1%
Over
26.1%
Over
26.1%
over
26.1%
think
25.2%
clear...
25.2%
Off
23.5%
look
23.5%
That's
23.5%
Off
23.5%
off
23.5%
road,
22.7%
road,
22.7%
mud!
22.7%
% Correct
through
21.8%
through
21.8%
through
21.8%
plane,
21%
right
21%
anywhere
19.3%
ride,
19.3%
ride
19.3%
sky,
18.5%
take
18.5%
take
18.5%
train
17.6%
cheese
16.8%
trees
16%
Big
16%
sea,
16%
Whooo-ooo-ooo-oo-oo,
16%
Whooo-ooo-ooo-oo-oo,
16%
queen
16%
machine
16%
Whooo-ooo-ooo-oo-oo,
16%
Whooo-ooo-ooo-oo-oo,
16%
rocks
15.1%
let's
15.1%
underground
14.3%
Flying
14.3%
Tell
14.3%
top,
14.3%
Come
14.3%
tea
14.3%
bunch
13.4%
manatee
13.4%
Across
13.4%
having
13.4%
Plowing
12.6%
air,
12.6%
momma
12.6%
china
12.6%
cliff,
12.6%
submarine,
12.6%
nails
12.6%
rails
12.6%
county
11.8%
fair
11.8%
shop
11.8%
pillows,
11.8%
buzz
10.9%
drop
10.9%
tundra,
10.9%
trampoline,
10.9%
leaving,
10.1%
cave,
10.1%
Surfing
10.1%
tidal
10.1%
wave
10.1%
tightrope
8.4%

You're not logged in!

Compare scores with friends on all Sporcle quizzes.
OR
Log In

From the Vault

5x5 in 90: Formula One Minefield Blitz

by kfastic

Driving a race car through a minefield seems like an aggressively bad idea.
Remove Ads.
Support Sporcle.
Get the best of Sporcle when you Go Orange. This ad-free experience offers more features, more stats, and more fun while also helping to support Sporcle. Thank you for becoming a member.

Show Comments

Extras

Top Quizzes Today


Score Distribution

Your Account Isn't Verified!

In order to create a playlist on Sporcle, you need to verify the email address you used during registration. Go to your Sporcle Settings to finish the process.

Report this User

Report this user for behavior that violates our Community Guidelines.

Details: